| 000 | 00968aam a2200253 a 4500 | ||
|---|---|---|---|
| 999 |
_c19926 _d19926 |
||
| 005 | 20181129124919.0 | ||
| 008 | 170728s2017 fluabdo rb 000 0 eng d | ||
| 020 | _a9781498729154 | ||
| 040 |
_aYDX _cYDX _dUk _dCO-BoIAVH |
||
| 041 | 0 | _aeng | |
| 044 | _axxu | ||
| 082 | 0 | 4 |
_a598.0723 _bE96s |
| 245 | 0 | 4 |
_aThe extended specimen : _bemerging frontiers in collections-based ornithological research / _ceditado por Michael S. Webster. |
| 260 |
_aBoca Raton (EE.UU.) : _bTaylor & Francis, _c2017. |
||
| 300 |
_a240 páginas : _bilustraciones a color, mapas, tablas y fotografías a color ; _c28 x 19 cm |
||
| 490 | 0 | _aStudies in avian biology | |
| 504 | _aIncluye referencias bibliográficas. | ||
| 650 | 2 | 6 |
_aAves _xEvolución |
| 650 | 2 | 6 |
_aAves _xCiencias biológicas |
| 650 | 2 | 6 |
_aAves _xPreservación |
| 650 | 2 | 6 |
_aAves _xInvestigación |
| 700 | 1 |
_aWebster, Michael S. _q(Michael Stilson), _d1960- _eeditor. |
|
| 942 |
_2ddc _cLIBRO |
||